000 00269nam a2200109Ia 4500
008 220204s9999 xx 000 0 und d
082 _a342.7
_bDWO
100 _aDWOSKIN, Robert P
245 0 _aRights of the public employee
260 _aChicago
_bALA
_c1978
942 _cBK
999 _c29706
_d29706